000 02647nam0a2200409 i 4500
001 RU\NLR\BIBL_A\010866893
005 20260409063022.0
010 _a9785392184620
_91000
021 _aRU
_b2015-72820
_94375
035 _a(NILC)RuMoRGB-008025315
035 _a(NLR Aleph) 010866893
090 _a10448906
_c10448906
100 _a20151023d2016 um y0rusy50 ca
101 0 _arus
102 _aRU
105 _ay|||j|||000yy
200 1 _aЭкологическое право
_eучебник для бакалавров
_eдля студентов образовательных организаций, обучающихся по направлению подготовки "Юриспруденция", квалификация (степень) "бакалавр"
_f[В.Б. Агафонов, к.ю.н., доц., Г.В. Выпханова, д.ю.н., проф., Н.Г. Жаворонкова, д.ю.н., проф. и др.]
_gотв. ред.: д-ра юрид. наук, профессора Н. Г. Жаворонкова, И. О. Краснова
_gМ-во образования и науки Российской Федерации, Московский гос. юридический ун-т им. О. Е. Кутафина (МГЮА)
210 _aМосква
_cПроспект
_d2016
_d[т.е. 2015]
215 _a375 с.
_d22
225 1 _aСерия учебников МГЮА для бакалавров
300 _aАвт. указаны на обороте тит. л.
300 _aФактическая дата выхода в свет - 2015
320 _aБиблиогр. в конце гл. и в подстроч. примеч.
606 1 _aЭкологическое право
_jУчебники для высших учебных заведений
_yРоссийская Федерация
_92073085
_3RU\NLR\AUTH\661247957
675 _a349.6
686 1 _aХ625.9я73
701 1 _aАгафонов
_bВ. Б.
_gВячеслав Борисович
701 1 _7ca
_8rus
_aВыпханова
_bГ. В.
_f1961-
_gГалина Викторовна
_9186501
_3RU\NLR\AUTH\770186552
701 1 _aЖаворонкова
_bН. Г.
_gНаталья Григорьевна
702 1 _aЖаворонкова
_bН. Г.
_gНаталья Григорьевна
_4340
712 0 2 _4570
_aМосковский государственный юридический университет им. О. Е. Кутафина
_3RU\NLR\AUTH\8810235884
_9357016
801 0 _aRU
_bРГБ
_c20150922
_gRCR
801 1 _aRU
_bРГБ
_c20150922
_2rusmarc
942 _cBOOK
980 _aNBR